000 00359nam a2200145Ia 4500
008 150201s2009 xx 000 0 und d
082 _a615
_bT09G
100 _aGREENSTEIN , BEN
245 _aTROUNCE'S CLINICAL PHARMACOLOGY FOR NURSES
250 _a1ST
260 _bELSEVIER
_aEDINBURGH
_c2009
300 _a483
650 _aPHARMACOLOGY
942 _2ddc
_cBK
999 _c2026
_d2026